100 Titres sur l`histoire de l´art (Record no. 1476)
[ view plain ]
| 000 -LEADER | |
|---|---|
| campo de control de longitud fija | 00826nam a2200145 4500 |
| 008 - DATOS DE LONGITUD FIJA--INFORMACIÓN GENERAL | |
| campo de control de longitud fija | 701.18 S522t |
| 020 ## - NÚMERO INTERNACIONAL ESTÁNDAR DEL LIBRO | |
| Número Internacional Estándar del Libro | 2914935463 |
| 082 ## - NÚMERO DE LA CLASIFICACIÓN DECIMAL DEWEY | |
| Número de clasificación | 701.18 |
| Número de ítem | S522t |
| 100 ## - ENTRADA PRINCIPAL--NOMBRE DE PERSONA | |
| Nombre de persona | Sénéchal, Philippe |
| 9 (RLIN) | 6353 |
| 245 ## - MENCIÓN DEL TÍTULO | |
| Título | 100 Titres sur l`histoire de l´art |
| 260 ## - PUBLICACIÓN, DISTRIBUCIÓN, ETC. | |
| Lugar de publicación, distribución, etc. | Francia |
| Nombre del editor, distribuidor, etc. | adpf: association pour la diffusion de la pensée française |
| Fecha de publicación, distribución, etc. | 2005 |
| 300 ## - DESCRIPCIÓN FÍSICA | |
| Extensión | 100 p. |
| Dimensiones | 22 x 18.5 cm |
| 505 ## - NOTA DE CONTENIDO CON FORMATO | |
| Título | Préface |
| Mención de responsabilidad | Michel Laclotte |
| Título | Introduction |
| Mención de responsabilidad | Philippe Sénéchal |
| Título | Mouvements, périodes, civilisations |
| -- | Matières, genres, techniques |
| -- | Aproches monographiques |
| -- | Sources critiques, écrits et paroles d´artistes |
| -- | Collections, marché de l`art |
| -- | Artistes, société et institutions |
| -- | Théorie et interprétations des formes |
| -- | Iconographie, symbolique |
| -- | Index |
| 650 ## - PUNTO DE ACCESO ADICIONAL DE MATERIA--TÉRMINO DE MATERIA | |
| Subdivisión general | arte contemporáneo |
| -- | arte - historia |
| -- | arte - crítica e interpretación |
| -- | Francia |
| 9 (RLIN) | 6354 |
| Estatus retirado | Estado de pérdida | Fuente del sistema de clasificación o colocación | Estado de daño | No para préstamo | Biblioteca de origen | Biblioteca actual | Ubicación en estantería | Fecha de adquisición | Total de préstamos | Signatura topográfica completa | Código de barras | Visto por última vez | Precio de reemplazo | Tipo de ítem Koha |
|---|---|---|---|---|---|---|---|---|---|---|---|---|---|---|
| Clasificación Decimal Dewey | Biblioteca LadoV | Biblioteca LadoV | 30/05/2018 | 701.18 S522t | 003931 | 30/05/2018 | 30/05/2018 | Material 01 |
